[Event "Oceania Zonal"]
[Site "Rotorua NZL"]
[Date "2011.01.29"]
[Round "7.6"]
[White "Brown,An"]
[Black "Ansell,A"]
[Result "1-0"]
[WhiteElo "2175"]
[BlackElo "2001"]

1.d4 Nf6 2.c4 e6 3.Nf3 Bb4+ 4.Nbd2 b6 5.g3 Bb7 6.Bg2 O-O 7.O-O d5 8.Ne5 Nbd7
9.Ndf3 Bd6 10.Bg5 Be7 11.Rc1 h6 12.Nxd7 Qxd7 13.Ne5 Qd8 14.cxd5 exd5 15.Be3 Bd6
16.Qc2 c5 17.Nc4 cxd4 18.Nxd6 Qxd6 19.Bxd4 Rac8 20.Qf5 Qe6 21.Qf4 Nd7 22.h4 Nc5
23.b4 Ne4 24.a4 Rfe8 25.Kh2 Qd6 26.Bh3 Qxf4 27.gxf4 Rc4 28.Rxc4 dxc4 29.Rg1 g6
30.h5 Kh7 31.hxg6+ fxg6 32.Bf5 Rg8 33.Be6 Rd8 34.e3 Nd2 35.Kg3 Nf3 36.Rd1 Nxd4
37.exd4 Bd5 38.Bxd5 Rxd5 39.Kf3 Kg7 40.Ke4 Rd7 41.Rc1 Rc7 42.Rc3 Kf6 43.d5 a6
44.d6 Rd7 45.Kd5 Kf7 46.Rxc4 h5 47.Rc7 Ke8 48.Ke6 Rd8 49.d7+ Kf8 50.Rc8  1-0

[Event "16th HIT Open"]
[Site "Nova Gorica SLO"]
[Date "2011.02.01"]
[Round "7"]
[White "Vovk,Y"]
[Black "Markus,Rob"]
[Result "1/2-1/2"]
[WhiteElo "2539"]
[BlackElo "2617"]

1.d4 Nf6 2.c4 e6 3.Nf3 Bb4+ 4.Nbd2 d5 5.Qa4+ Nc6 6.a3 Bxd2+ 7.Bxd2 Ne4 8.e3 O-O
9.Rd1 Bd7 10.Qc2 a5 11.b3 f5 12.Bc1 Be8 13.Be2 Bh5 14.O-O Qf6 15.Bb2 f4 16.exf4 Qxf4
17.Bc1 Qd6 18.Qb2 Rf6 19.Ng5 Bxe2 20.Nxe4 dxe4 21.Qxe2 Nxd4 22.Qxe4 c5 23.b4 axb4
24.axb4 Qc6 25.Rfe1 Qxe4 26.Rxe4 Ra1 27.Ree1 b6 28.Bg5 Rxd1 29.Rxd1 Rf8 30.Be7 Rc8
31.bxc5 bxc5 32.Rb1 Nc6 33.Bxc5 Ne5 34.Rb5 Nd7 35.Ba3 Rxc4 36.Rb7 Nf6 37.Bb2 e5
38.h3 Rc5 39.Re7 Kf8 40.Rxe5 Rxe5 41.Bxe5 Nd5 42.g4 Kf7 43.Kg2 g6 44.Kg3 h5
45.Kh4 hxg4 46.hxg4 Ne7 47.Kg5 Nc6 48.Bc3 Nd8 49.Kh6 Nb7 50.Bb4 Nd8 51.f4 Ne6
52.Bd6 Kf6 53.Be5+ Kf7 54.Kh7 Nf8+ 55.Kh8 Ne6 56.Bd6 Nd4 57.Kh7 Ne6 58.Bb8 Nf8+
59.Kh8 Ne6 60.Bd6 Nd4 61.Bc5 Ne6 62.Be3 Nf8 63.Bd4 Ne6 64.Be5 Nf8 65.Bg7 Ne6
66.Bh6 Nd4 67.Kh7 Nf3 68.Bg7 g5 69.Bh6 Kf6 70.Bg7+ Kf7 71.Be5 gxf4 72.Bxf4 Nh4
73.Kh6 Ng6 74.Bd6 Nh4 75.Bg3  1/2-1/2

[Event "1st Open"]
[Site "Cento ITA"]
[Date "2011.02.07"]
[Round "3"]
[White "Naumkin,I"]
[Black "Caprio,G"]
[Result "0-1"]
[WhiteElo "2499"]
[BlackElo "2272"]

1.d4 Nf6 2.c4 e6 3.Nf3 Bb4+ 4.Nbd2 b6 5.g3 Bb7 6.Bg2 c5 7.dxc5 Bxc5 8.O-O O-O
9.a3 Be7 10.Qc2 Qc7 11.b4 d5 12.Bb2 Nbd7 13.Rac1 Rac8 14.Qb1 Qb8 15.Rfd1 h6
16.Qa1 Rfd8 17.Bh3 Qa8 18.Nd4 Nf8 19.b5 Rc5 20.a4 dxc4 21.Ba3 c3 22.N2f3 c2
23.Rd2 g5 24.Bxc5 bxc5 25.Nc6 Bxc6 26.bxc6 g4 27.Bg2 gxf3 28.Rxd8 Qxd8 29.Bxf3 Nd5
30.Rxc2 Qd6 31.Rc4 Ng6 32.Qb2 Nb6 33.Rg4 h5 34.Re4 f5 35.Re3 Nc4 36.c7 Qxc7
37.Qb3 Nxe3 38.Qxe6+ Kg7 39.Bxh5 Ne5 40.fxe3 c4 41.Qxf5 c3  0-1

[Event "ch-TUR"]
[Site "Kemer-Antalya TUR"]
[Date "2011.02.07"]
[Round "4"]
[White "Firat,Mansur"]
[Black "Emiroglu,C"]
[Result "0-1"]
[WhiteElo "1752"]
[BlackElo "2176"]

1.d4 Nf6 2.Nf3 e6 3.c4 Bb4+ 4.Nbd2 a5 5.a3 Bxd2+ 6.Bxd2 d6 7.Qc2 Nbd7 8.e4 e5
9.dxe5 Nxe5 10.Nxe5 dxe5 11.Bg5 h6 12.Rd1 Bd7 13.Bh4 Qe7 14.Be2 g5 15.Bg3 Bc6
16.f3 Nd7 17.O-O a4 18.Rd2 Nc5 19.Qc3 f6 20.Bf2 Kf7 21.h3 h5 22.Rfd1 b6 23.Bxc5 bxc5
24.Qe3 Rab8 25.Rc2 Rb3 26.Qc1 Rhb8 27.Rd3 R3b6 28.Qd2 Kg6 29.Bd1 Qf8 30.Qe2 Kg7
31.Rcd2 Qe7 32.Qf2 h4 33.Kh2 Ra8 34.Kg1 Rbb8 35.Qe3 Rd8 36.Rxd8 Rxd8 37.Rxd8 Qxd8
38.Bc2 Qd4 39.Qxd4 cxd4 40.Kf2 Kf8 41.Ke2 Ke7 42.Kd3 Kd6 43.Bd1 Kc5 44.Bc2 Bd7
45.Bd1 Be6 46.b4+ axb3 47.Bxb3 f5 48.Ba2 f4 49.Bb3 Bg8 50.Ba2 Bf7 51.Bb3 Be6
52.Ba2 g4 53.hxg4 Bxg4 54.fxg4  0-1

[Event "75th ch-BUL Semi-Final"]
[Site "Plovdiv BUL"]
[Date "2011.02.08"]
[Round "3"]
[White "Lalev,D"]
[Black "Pantev,V"]
[Result "1/2-1/2"]
[WhiteElo "2384"]
[BlackElo "2387"]

1.d4 Nf6 2.Nf3 e6 3.c4 Bb4+ 4.Nbd2 b6 5.a3 Bxd2+ 6.Qxd2 Bb7 7.e3 Ne4 8.Qc2 f5
9.Be2 O-O 10.b4 d6 11.O-O Nd7 12.d5 Qf6 13.Nd4 exd5 14.cxd5 Bxd5 15.f3 Ng5
16.Bc4 Bxc4 17.Qxc4+ Nf7 18.Qxc7 Nde5 19.Qc2 g6 20.b5 Rac8 21.Qb3 Rfe8 22.Ra2 Rc5
23.Re2 Nc4 24.Nc6 a5 25.a4 h5 26.e4 Kh7 27.Rc2 Nfe5 28.Nxe5 Nxe5 29.Rxc5 dxc5
30.Bb2 Qf7 31.Qc3 Qc4 32.exf5 Qxc3 33.Bxc3 Nd3 34.Rd1 c4 35.f6 Kg8 36.g3 Kf7
37.f4 h4 38.gxh4 Re4 39.Rd2 Rxf4 40.Re2 Nc5 41.Re7+ Kf8 42.Be5 Rf5 43.Kg2 Ne4
44.Bd4 Nxf6  1/2-1/2

[Event "1st Open"]
[Site "Cento ITA"]
[Date "2011.02.09"]
[Round "5"]
[White "Salvador,R"]
[Black "Cocchi,A"]
[Result "1-0"]
[WhiteElo "2533"]
[BlackElo "2281"]

1.d4 Nf6 2.Nf3 e6 3.c4 Bb4+ 4.Nbd2 O-O 5.a3 Bxd2+ 6.Bxd2 Ne4 7.Bf4 d6 8.Qc2 f5
9.e3 b6 10.g4 Bb7 11.gxf5 exf5 12.d5 Nd7 13.O-O-O Qf6 14.Rg1 b5 15.Nd4 bxc4
16.Ne6 Rf7 17.f3 Nec5 18.Bxc4 Ba6 19.Ba2 Rb8 20.b4 Nd3+ 21.Rxd3 Bxd3 22.Qxd3 a5
23.Qd4 axb4 24.axb4 Ne5 25.Bxe5 dxe5 26.Qc3 Kh8 27.Rg2 Re7 28.Rc2 Qh4 29.f4 exf4
30.exf4 Qg4 31.Qc5 Ree8 32.Kb2 Qd1 33.Qxc7 Qg1 34.Qc3 h6 35.d6 Qa7 36.Rg2 Rg8
37.Nc7 Qb7 38.Bd5 Qb6 39.Bxg8 Rxg8 40.Rxg7 Rxg7 41.Ne8 Qf2+ 42.Kb3  1-0

[Event "ch-TUR"]
[Site "Kemer-Antalya TUR"]
[Date "2011.02.10"]
[Round "7"]
[White "Firat,Mansur"]
[Black "Narman,G"]
[Result "1/2-1/2"]
[WhiteElo "1752"]
[BlackElo "2079"]

1.d4 Nf6 2.Nf3 e6 3.c4 Bb4+ 4.Nbd2 Nc6 5.a3 Bxd2+ 6.Nxd2 Nxd4 7.e3 Nc6 8.Be2 d6
9.b3 e5 10.O-O Qe7 11.Bb2 Bf5 12.Rc1 O-O 13.b4 e4 14.Nb3 Ne5 15.Nd4 Bg4 16.Bxg4 Nfxg4
17.h3 Nf6 18.f4 Nd3 19.Rc2 c5 20.bxc5 dxc5 21.Nf5 Qe6 22.Bxf6 Qxf6 23.g4 Rad8
24.Qe2 Rd7 25.Ng3 Qa6 26.f5 Qc6 27.g5 Ne5 28.Qh5 Nf3+ 29.Kh1 f6 30.gxf6 gxf6
31.Rg2 Rg7 32.Nxe4 Rxg2 33.Kxg2 Ng5 34.Rf4 Re8 35.Qxe8+ Qxe8 36.Nxf6+ Kf7
37.Nxe8 Kxe8 38.Rg4 Nf7 39.f6 Nd6 40.Rg7 h6 41.Kf3 a6 42.Kf4 b6 43.e4 Nxc4
44.e5 Kf8 45.Ke4  1/2-1/2

[Event "ch-St Petersburg S/F 2011"]
[Site "St Petersburg RUS"]
[Date "2011.02.13"]
[Round "3.20"]
[White "Shpartko,G"]
[Black "Pershin,Denis"]
[Result "1-0"]
[WhiteElo "2064"]
[BlackElo "1975"]

1.c4 Nf6 2.Nf3 e6 3.d4 Bb4+ 4.Nbd2 Qe7 5.a3 Bxd2+ 6.Bxd2 O-O 7.Qc2 d6 8.e4 e5
9.Bd3 exd4 10.Nxd4 Nxe4 11.Bxe4 f5 12.O-O fxe4 13.Rae1 Qf7 14.Rxe4 Nc6 15.Nxc6 bxc6
16.Re3 Bf5 17.Qa4 c5 18.Qc6 Rab8 19.Bc3 Be6 20.Rg3 g6 21.Rf3 Qd7 22.Rxf8+ Kxf8
23.Qf3+ Qf7 24.Qe3 Bxc4 25.Re1 Bb5 26.Qh6+ Kg8 27.Re3 d5 28.Rf3 Qe7 29.h4 d4
30.Bd2 Be2 31.Rg3 Rxb2 32.f3 Bd3 33.h5 Rb1+ 34.Kh2 Qh4+ 35.Rh3 Qf2 36.hxg6 Bxg6
37.Qg5 Qe2 38.Qd5+ Kf8 39.Bh6+ Ke8 40.Bg5 Qa6 41.Qd8+ Kf7 42.Qe7+ Kg8 43.Bf4 Qc4
44.Qd8+ Kf7 45.Qxc7+ Kg8 46.Rxh7 Bxh7 47.Bh6 Rh1+ 48.Kxh1 Qc1+ 49.Bxc1  1-0

[Event "ch-ROU Men"]
[Site "Sarata Monteoru ROU"]
[Date "2011.02.17"]
[Round "8.5"]
[White "Voiteanu,G"]
[Black "Berescu,A"]
[Result "1/2-1/2"]
[WhiteElo "2283"]
[BlackElo "2476"]

1.d4 Nf6 2.c4 e6 3.Nf3 Bb4+ 4.Nbd2 O-O 5.e3 b6 6.a3 Bxd2+ 7.Qxd2 Bb7 8.Be2 d6
9.O-O Nbd7 10.b4 Ne4 11.Qc2 f5 12.Ne1 Qe7 13.f3 Nef6 14.Bd3 c5 15.f4 cxd4
16.exd4 Be4 17.Nf3 Rac8 18.Bb2 Rc7 19.Rae1 h6 20.Qe2 Qf7 21.Nd2 d5 22.c5 Bxd3
23.Qxd3 Ne4 24.Nf3 Qh5 25.Rc1 g5 26.fxg5 hxg5 27.cxb6 Rxc1 28.Bxc1 axb6 29.Nxg5 Nxg5
30.Qg3 Nf6 31.Qf4  1/2-1/2

[Event "TCh-SVK Extraliga 2010-11"]
[Site "Slovakia SVK"]
[Date "2011.02.20"]
[Round "6.3"]
[White "Jurcik,Mari"]
[Black "Babula,V"]
[Result "1/2-1/2"]
[WhiteElo "2471"]
[BlackElo "2536"]

1.d4 Nf6 2.c4 e6 3.Nf3 Bb4+ 4.Nbd2 O-O 5.e3 d5 6.a3 Be7 7.Bd3 Nbd7 8.O-O c5
9.cxd5 exd5 10.dxc5 Nxc5 11.Be2 Nfe4 12.Nb3 Bf6 13.Nxc5 Nxc5 14.Nd4 Bd7 15.b3 Qb6
16.Rb1 Rac8 17.Bb2 Ne4 18.Qd3 Nc5 19.Qd2 Ne4 20.Qd3 Nc5  1/2-1/2

[Event "9th TCh-IND w 2011"]
[Site "Kochi IND"]
[Date "2011.02.25"]
[Round "4"]
[White "Sachdev,T"]
[Black "Mahalakshmi,M"]
[Result "1-0"]
[WhiteElo "2391"]
[BlackElo "1867"]

1.d4 Nf6 2.c4 e6 3.Nf3 Bb4+ 4.Nbd2 O-O 5.a3 Bxd2+ 6.Bxd2 b6 7.Bg5 Bb7 8.e3 h6
9.Bh4 d5 10.Bd3 dxc4 11.Bxc4 Nbd7 12.O-O c5 13.Qe2 Bxf3 14.Qxf3 cxd4 15.exd4 a6
16.a4 Qe7 17.Qe2 Qb4 18.Bg3 b5 19.axb5 axb5 20.Bxb5 Rxa1 21.Rxa1 Qxd4 22.Rd1 Qa7
23.Bc6 Nb8 24.Bf3 Qb6 25.b4 Qxb4 26.Bd6 Qb6 27.Bxf8 Kxf8 28.Qc4 Nbd7 29.Qc8+ Ke7
30.Qa8 Qc5 31.Bc6 Qc2 32.Ba4 Qc7 33.Bc6 Qb6 34.h3 Qb3 35.Ba4 Qb6 36.Qf3 Qc7
37.Qa3+ Ke8 38.Rc1 Qb8 39.Bb5 Nd5 40.Qa4 Nb6 41.Qd4 Ke7 42.Qxg7 Qf4 43.Qc3 Qg5
44.Qa3+ Kd8 45.Bxd7 Nxd7 46.Rd1 Ke8 47.Qa8+ Qd8 48.Qc6 Ke7 49.h4 Ke8 50.h5 Ke7
51.Qd6+ Ke8  1-0

[Event "V Tancat IM"]
[Site "Sabadell ESP"]
[Date "2011.02.25"]
[Round "4"]
[White "Gonzalez,RO"]
[Black "Tallo Dominguez,I"]
[Result "1/2-1/2"]
[WhiteElo "2232"]
[BlackElo "2204"]

1.d4 Nf6 2.c4 e6 3.Nf3 Bb4+ 4.Nbd2 b6 5.a3 Bxd2+ 6.Qxd2 Bb7 7.g3 O-O 8.Bg2 d6
9.O-O Be4 10.b4 Nbd7 11.Bb2 Qe7 12.Rac1 Rfd8 13.Qf4 a5 14.b5 Rac8 15.Rfd1 h6
16.h3 Ba8 17.Qe3 Re8 18.a4 Bxf3 19.Bxf3 e5 20.Bc6 exd4 21.Qxd4 Red8 22.Bxd7 Rxd7
23.Qf4 Re8 24.Bxf6 Qxf6 25.Qxf6 gxf6 26.Kf1 Rde7 27.Rc2 Kg7 28.Rd5 Re5 29.Rd4 f5
30.e3 Re4 31.Rcd2 Kf6 32.Ke2 h5 33.h4 R8e7 34.Kd3 Re8 35.Kc3 R8e7 36.Rd5 Re8
37.Kb3 R8e7  1/2-1/2

[Event "27th Open"]
[Site "Cappelle la Grande FRA"]
[Date "2011.03.04"]
[Round "8.16"]
[White "Vovk,Y"]
[Black "Zagrebelny,S"]
[Result "1-0"]
[WhiteElo "2539"]
[BlackElo "2481"]

1.d4 Nf6 2.c4 e6 3.Nf3 Bb4+ 4.Nbd2 O-O 5.a3 Be7 6.e4 d5 7.e5 Nfd7 8.cxd5 exd5
9.b4 a5 10.b5 c5 11.Bd3 cxd4 12.Nb3 a4 13.Nbxd4 Nc5 14.Bc2 Nbd7 15.O-O Nb6
16.h3 Re8 17.Re1 Nc4 18.Bf4 g6 19.Bh6 Qb6 20.Ng5 Bxg5 21.Bxg5 Rxe5 22.Rxe5 Nxe5
23.Qe2 Ne4 24.Rd1 Nxg5 25.Qxe5 Ne6 26.Qxd5 Bd7 27.Be4 Nxd4 28.Rxd4 Be8 29.Bd3 Rc8
30.Rxa4 Rd8 31.Qe5 f6 32.Qe7 Bf7 33.Bc4 Rf8 34.Rb4 g5 35.a4 h5 36.h4 g4 37.g3 Kg7
38.Bd5 Kg8 39.Qxb7 Qc5 40.Bxf7+ Rxf7 41.Qe4  1-0

[Event "TCh-CAT Div Hon"]
[Site "Barcelona ESP"]
[Date "2011.03.05"]
[Round "6.6"]
[White "Alexandrova,O"]
[Black "De la Riva Aguado,J"]
[Result "1-0"]
[WhiteElo "2381"]
[BlackElo "2289"]

1.d4 Nf6 2.c4 e6 3.Nf3 Bb4+ 4.Nbd2 b6 5.a3 Bxd2+ 6.Bxd2 Bb7 7.Bg5 d6 8.e3 h6
9.Bh4 g5 10.Bg3 Ne4 11.Nd2 Nxg3 12.hxg3 Qf6 13.Qc2 Nd7 14.f3 O-O-O 15.Ne4 Qg7
16.c5 dxc5 17.Rc1 f5 18.Nd2 f4 19.Ne4 fxe3 20.dxc5 Nb8 21.Nd6+ cxd6 22.cxb6+ Nc6
23.Bb5 axb6 24.Bxc6 Kb8 25.Bxb7 Qxb7 26.Qd3 g4 27.Qxe3 gxf3 28.gxf3 e5 29.Rh4 Rc8
30.Rxc8+ Kxc8 31.Rb4 Kc7 32.a4 Qa6 33.Qe4 Qa5 34.Ke2 Re8 35.Qh7+ Kd8 36.Rc4 b5
37.Rc6 Re6 38.Qb7  1-0

[Event "ch-FRA Rapid 2011"]
[Site "Nancy FRA"]
[Date "2011.03.13"]
[Round "5"]
[White "Fressinet,L"]
[Black "Turov,M"]
[Result "1/2-1/2"]
[WhiteElo "2693"]
[BlackElo "2635"]

1.d4 Nf6 2.Nf3 e6 3.c4 Bb4+ 4.Nbd2 d6 5.a3 Bxd2+ 6.Qxd2 Nbd7 7.e3 e5 8.dxe5 dxe5
9.b4 a5 10.Bb2 axb4 11.axb4 Rxa1+ 12.Bxa1 e4 13.Ne5 O-O 14.Be2 Qe7 15.Nxd7 Bxd7
16.O-O Ra8 17.Rd1 Ba4 18.Rc1 Rd8 19.Qc3 Qd6 20.h3 Qd2 21.Bf1 Qxc3 22.Bxc3 Rd1
23.Rxd1 Bxd1 24.g4 Nd7 25.Kh2 f6 26.c5 Bb3 27.h4 g5 28.hxg5 fxg5 29.Kg3 Bd5
30.f4 exf3 31.Bd3 Kf7 32.Bxh7 Nf6 33.Bxf6 Kxf6 34.Bc2 b6 35.cxb6 cxb6 36.Bd1 Ke5
37.Bxf3 Bxf3 38.Kxf3 b5 39.e4 Kd4 40.e5 Kxe5 41.Ke3  1/2-1/2

[Event "TCh-SUI 2011"]
[Site "Switzerland SUI"]
[Date "2011.03.20"]
[Round "2.2"]
[White "Prusikin,M"]
[Black "Cvitan,O"]
[Result "1/2-1/2"]
[WhiteElo "2530"]
[BlackElo "2498"]

1.d4 Nf6 2.c4 e6 3.Nf3 Bb4+ 4.Nbd2 O-O 5.e3 b6 6.Bd3 Bb7 7.O-O d5 8.a3 Be7
9.b4 c5 10.bxc5 dxc4 11.Nxc4 bxc5 12.Rb1 Bd5 13.Ncd2 Nbd7 14.e4 Bc6 15.Qc2 h6
16.Nc4 Rc8 17.Qe2 cxd4 18.e5 Ne4 19.Nxd4 Bd5 20.Bb2 Ndc5 21.Ne3  1/2-1/2

[Event "ch-VIE Men"]
[Site "Da Lat VIE"]
[Date "2011.03.24"]
[Round "7.1"]
[White "Nguyen Huynh Minh Huy"]
[Black "Nguyen Van Huy"]
[Result "1/2-1/2"]
[WhiteElo "2451"]
[BlackElo "2459"]

1.d4 Nf6 2.c4 e6 3.Nf3 Bb4+ 4.Nbd2 b6 5.e3 Bb7 6.a3 Be7 7.Bd3 c5 8.O-O cxd4
9.Nxd4 O-O 10.b3 d5 11.Bb2 Nbd7 12.cxd5 Bxd5 13.Rc1 Rc8 14.Qe2 Rxc1 15.Rxc1 Nc5
16.Bc4  1/2-1/2

[Event "Skopje Spring Open 2011"]
[Site "Skopje MKD"]
[Date "2011.03.26"]
[Round "8"]
[White "Bogdanovski,V"]
[Black "Veleski,R"]
[Result "0-1"]
[WhiteElo "2421"]
[BlackElo "2234"]

1.d4 Nf6 2.c4 e6 3.Nf3 Bb4+ 4.Nbd2 d5 5.Qa4+ Nc6 6.a3 Bxd2+ 7.Bxd2 O-O 8.Rd1 Qd7
9.Qc2 dxc4 10.Qxc4 b5 11.Qc2 Bb7 12.e3 Qd5 13.Be2 Ne4 14.O-O f5 15.Rc1 g5
16.Bd3 g4 17.Bxe4 fxe4 18.Ne5 Nxe5 19.dxe5 c5 20.Rfd1 Qxe5 21.Bc3 Qf5 22.Rd7 Rf7
23.Rxf7 Kxf7 24.Qd2 Bd5 25.b4 c4 26.Qd4 Kg6 27.Rc2 a6 28.Rd2 Kh5 29.Qb6 Qf7
30.Qd6 Qf5 31.Qd7 Rf8 32.Qd6 Kg6 33.Kf1 h5 34.Ke1 Ra8 35.Qd7 Rg8 36.Qd6 h4
37.Kd1 Kh5 38.Kc2 Qf8 39.Qc7 Rg5 40.Qh7+ Qh6 41.Qe7 Rf5 42.g3 Qg5 43.Qd6 Qg6
44.Qd8 Qg5 45.Qc8 Qg6 46.gxh4 Kxh4 47.Qh8+ Qh5 48.Bf6+ Kh3 49.Qb8 Rf3 50.Be5 Rf5
51.Bf4 Qh7 52.Rd1 Kg2 53.Rd2 c3 54.Rd1 e5 55.Bxe5 Qf7 56.Kxc3 Bb3 57.Rd2 Ba2
58.Rc2 Qc4+  0-1

[Event "Karposh Open"]
[Site "Skopje MKD"]
[Date "2011.04.04"]
[Round "4"]
[White "Kizov,A"]
[Black "Antic,De"]
[Result "1/2-1/2"]
[WhiteElo "2399"]
[BlackElo "2488"]

1.d4 e6 2.c4 Bb4+ 3.Nd2 Nf6 4.Nf3 O-O 5.Qc2 d5 6.a3 Be7 7.g3 b6 8.Bg2 Bb7
9.O-O c5 10.Rd1 Nbd7 11.dxc5 bxc5 12.cxd5 exd5 13.Nh4 Qb6 14.Nf5 Rfe8 15.e4 Bf8
16.exd5 Bxd5 17.Nc4 Qe6 18.Bxd5 Nxd5 19.b3 N7b6 20.Nfe3 Nxe3 21.Nxe3 Rac8
22.Bb2 c4 23.Nxc4 Nxc4 24.bxc4 Qxc4  1/2-1/2

[Event "Karposh Open"]
[Site "Skopje MKD"]
[Date "2011.04.05"]
[Round "5"]
[White "Tairi,K"]
[Black "Harokopakis,G"]
[Result "1-0"]
[WhiteElo "1690"]
[BlackElo "1990"]

1.d4 Nf6 2.c4 e6 3.Nf3 Bb4+ 4.Nbd2 O-O 5.a3 Bxd2+ 6.Bxd2 d6 7.e3 Nc6 8.Bd3 e5
9.d5 Ne7 10.Qc2 Re8 11.b4 b5 12.e4 Bb7 13.O-O bxc4 14.Bxc4 c6 15.dxc6 Bxc6
16.Qb3 Rf8 17.Ng5 d5 18.exd5 Bxd5 19.Be3 h6 20.Bxd5 Qxd5 21.Qxd5 Nfxd5 22.Nf3 Nxe3
23.fxe3 f6 24.e4 Rfd8 25.Rfd1 Kf7 26.Rac1 Rac8 27.Kf2 Ke6 28.Ke2 Rxd1 29.Rxd1 Rc2+
30.Rd2 Rc3 31.Rd3 Rc2+ 32.Rd2 Rc1 33.Ra2 g6 34.Kd2 Rc7 35.Rc2 Rd7+ 36.Ke3 f5
37.Rc5 fxe4 38.Rxe5+ Kf6 39.Kxe4 Nf5 40.Rc5 Nd6+ 41.Ke3 h5 42.Rc6 g5 43.Nd4 Kf7
44.a4 Re7+ 45.Kd3 Rd7 46.Nf3 Kf6 47.Kd4 Kf5 48.Kc5 Ne4+ 49.Kb5 g4 50.Nh4+ Kf4
51.Rc4 Ke3 52.Kc6 Rd6+ 53.Kc7 Rd2 54.Nf5+ Kf2 55.Rxe4 Kxg2 56.Ng3 Rc2+ 57.Kb7 Kxh2
58.Nxh5 g3 59.Nxg3 Kxg3 60.Kxa7 Kf3 61.Rh4 Ke3 62.b5  1-0

[Event "Karposh Open"]
[Site "Skopje MKD"]
[Date "2011.04.06"]
[Round "6"]
[White "Kizov,A"]
[Black "Veleski,R"]
[Result "0-1"]
[WhiteElo "2399"]
[BlackElo "2234"]

1.d4 Nf6 2.c4 e6 3.Nf3 Bb4+ 4.Nbd2 d5 5.Qa4+ Nc6 6.a3 Bxd2+ 7.Bxd2 Ne4 8.Rd1 Bd7
9.Qc2 g5 10.e3 f5 11.cxd5 exd5 12.Qb3 Qf6 13.Bb5 g4 14.Ne5 Nxe5 15.dxe5 Qe6
16.Bxd7+ Qxd7 17.Qxb7 O-O 18.Bb4 Rfd8 19.f3 Ng5 20.fxg4 fxg4 21.O-O a5 22.Bc3 Ne4
23.e6 Qxe6 24.Qxc7 Rd7 25.Qf4 Re7 26.Bxa5 g3 27.hxg3 Rg7 28.Bb4 Rxg3 29.Qf5 Qxf5
30.Rxf5 Rc8 31.Rdxd5 Rc2 32.Rd7 Rgxg2+ 33.Kf1 Ng3+  0-1

[Event "TCh-NED"]
[Site "Netherlands NED"]
[Date "2011.04.09"]
[Round "8.2"]
[White "Van Wely,L"]
[Black "Van den Doel,E"]
[Result "1-0"]
[WhiteElo "2679"]
[BlackElo "2573"]

1.d4 Nf6 2.c4 e6 3.Nf3 Bb4+ 4.Nbd2 O-O 5.a3 Be7 6.e4 d5 7.e5 Nfd7 8.b4 a5
9.b5 c5 10.cxd5 exd5 11.Be2 cxd4 12.Bb2 d3 13.Bxd3 Nc5 14.Bc2 a4 15.Nd4 Nbd7
16.Nf5 Nxe5 17.Bxe5 Bxf5 18.Bxf5 Bf6 19.Bxf6 Qxf6 20.Bc2 Rfe8+ 21.Kf1 d4
22.Qf3 Qb6 23.Bd3 Nxd3 24.Qxd3 Rac8 25.g3 Rc3 26.Qf5 g6 27.Qd5 Rc2 28.Rd1 Rd8
29.Qe5 Rc5 30.Qe4 Qxb5+ 31.Kg2 Qd7 32.Nf3 d3 33.Rhe1 Rc3 34.Qh4 Rxa3 35.Qf6 Rf8
36.Re4 Rb3 37.Rd4 Qb5 38.Ne5 Qb6 39.Qxb6 Rxb6 40.Nd7  1-0

[Event "Karposh Open"]
[Site "Skopje MKD"]
[Date "2011.04.09"]
[Round "9"]
[White "Vojinovic,G"]
[Black "Smith,Bry"]
[Result "0-1"]
[WhiteElo "2448"]
[BlackElo "2466"]

1.d4 Nf6 2.Nf3 e6 3.c4 Bb4+ 4.Nbd2 O-O 5.a3 Be7 6.g3 b6 7.Bg2 Bb7 8.Qc2 c5
9.e4 cxd4 10.e5 Ng4 11.O-O Qc7 12.Re1 Bc5 13.Qd3 Nc6 14.Ng5 g6 15.f4 a5 16.Ndf3 d6
17.exd6 Bxd6 18.Ne4 Be7 19.b3 Rad8 20.Bb2 e5 21.Bh3 f5 22.Bxg4 fxg4 23.Nxe5 Nxe5
24.fxe5 Qxe5 25.Nf2 Qf6 26.Re2 Qc6 27.Kf1  0-1

[Event "ch-SRB w 2011"]
[Site "Belgrade SRB"]
[Date "2011.04.13"]
[Round "3"]
[White "Manakova,M"]
[Black "Brankov,Kri"]
[Result "1-0"]
[WhiteElo "2336"]
[BlackElo "1898"]

1.d4 Nf6 2.c4 e6 3.Nf3 Bb4+ 4.Nbd2 b6 5.g3 Bb7 6.Bg2 O-O 7.O-O Bxd2 8.Qxd2 d6
9.b3 Nbd7 10.Bb2 Qe7 11.Rfe1 Rad8 12.Qc2 Be4 13.Qc3 Rfe8 14.Rad1 d5 15.cxd5 Nxd5
16.Qc1 Rc8 17.Ne5 Bxg2 18.Nc6 Qd6 19.Kxg2 Nb4 20.d5 Nxa2 21.Qc4 exd5 22.Rxd5 Qe6
23.Ra1 Nc5 24.Nd4 Qe4+ 25.f3 Qe3 26.Rxa2 c6 27.Rf5 Ne6 28.Rxa7 Nxd4 29.Qxf7+  1-0

[Event "TCh-CZE 2010-11"]
[Site "Czech Rep CZE"]
[Date "2011.04.17"]
[Round "11.5"]
[White "Heberla,B"]
[Black "Kulhanek,T"]
[Result "1/2-1/2"]
[WhiteElo "2538"]
[BlackElo "2401"]

1.d4 Nf6 2.c4 e6 3.Nf3 Bb4+ 4.Nbd2 b6 5.a3 Bxd2+ 6.Bxd2 Bb7 7.Bg5 d6 8.e3 Nbd7
9.Bh4 Qe7 10.Be2 h6 11.Nd2 e5 12.f3 exd4 13.exd4 O-O 14.O-O Rfe8 15.Re1 Qe3+
16.Bf2 Qg5 17.h4 Qg6 18.Qb1 Qxb1 19.Nxb1 d5 20.Nc3 Nf8 21.c5 Ne6 22.b4 a6
23.Red1 Kf8 24.Bf1 b5 25.a4 c6 26.Bg3 Ke7 27.Be5 Ng8 28.g3 f6 29.Bd6+ Kf7
30.h5 Ng5 31.Bd3 Re3 32.Kg2 Rxf3 33.Bf4 Rxd3 34.Rxd3 bxa4 35.Bxg5 hxg5 36.Rxa4 Re8
37.Ra2 Re1 38.Kf2 Rh1 39.Kg2 Re1 40.Re2 Rc1 41.Rde3 Bc8 42.Re1 Rc2+ 43.R1e2 Rc1
44.Re1 Rc2+ 45.Kg1 Bg4 46.Ra1 f5 47.Rxa6 f4 48.gxf4 gxf4 49.Rd3 Rc1+ 50.Kh2 Rc2+
51.Kg1 Rc1+ 52.Kh2 Rc2+ 53.Kg1  1/2-1/2

[Event "Technomont IM 2011"]
[Site "Frydek Mistek CZE"]
[Date "2011.04.22"]
[Round "5"]
[White "Rosko,L"]
[Black "Sadzikowski,D"]
[Result "1-0"]
[WhiteElo "2305"]
[BlackElo "2366"]

1.d4 Nf6 2.c4 e6 3.Nf3 Bb4+ 4.Nbd2 b6 5.e3 Bb7 6.Bd3 O-O 7.O-O d5 8.a3 Be7
9.b4 c5 10.bxc5 bxc5 11.Rb1 Ba6 12.Qc2 Nbd7 13.e4 dxc4 14.Nxc4 cxd4 15.e5 Bxc4
16.Qxc4 Rc8 17.exf6 Rxc4 18.fxe7 Qxe7 19.Bxc4 Nb6 20.Bb3 Qd6 21.Rd1 e5 22.Bd2 Re8
23.Bb4 Qd8 24.Rbc1 Nd5 25.Bc5 Kh8 26.Bxd4 exd4 27.Rxd4 Qa5 28.Bxd5 Qxa3 29.Rcd1 Rf8
30.Ne5 g6 31.Nxf7+ Kg7 32.Ng5 Rf5 33.h4 h6 34.Nf3 a5 35.Be6 Rf8 36.Rd7+ Kf6
37.Bc4 g5 38.R1d6+ Kf5 39.Be6+  1-0

[Event "Chance Cup Open 2011"]
[Site "Frydek Mistek CZE"]
[Date "2011.04.23"]
[Round "6"]
[White "Jacko,V2"]
[Black "Tomaszewska,L"]
[Result "1/2-1/2"]
[WhiteElo "2158"]
[BlackElo "2002"]

1.d4 Nf6 2.c4 e6 3.Nf3 Bb4+ 4.Nbd2 d5 5.e3 O-O 6.a3 Be7 7.Bd3 b6 8.O-O Bb7
9.cxd5 Bxd5 10.Qe2 c5 11.dxc5 bxc5 12.e4 Bb7 13.e5 Nd5 14.Ne4 Nc6 15.Neg5 g6
16.h4 Nd4 17.Nxd4 cxd4 18.Re1 Rc8 19.Bd2 Kg7 20.Qg4 Qb6 21.Nxh7 Qb3 22.Rad1 Rh8
23.Ng5 Qxd3 24.Nxe6+ Kg8 25.Bg5 Qf5 26.Qxf5 gxf5 27.Nxd4  1/2-1/2

[Event "Branko Vukmanovic Mem Open"]
[Site "Tivat MNE"]
[Date "2011.04.23"]
[Round "8.22"]
[White "Potpara,N"]
[Black "Filipovic,T1"]
[Result "1-0"]
[WhiteElo "2152"]
[BlackElo "1906"]

1.d4 Nf6 2.c4 e6 3.Nf3 Bb4+ 4.Nbd2 c5 5.a3 Bxd2+ 6.Bxd2 cxd4 7.Nxd4 O-O 8.Bb4 Re8
9.Nb5 a5 10.Bd6 Na6 11.g3 Ne4 12.Bg2 f5 13.Qd4 a4 14.O-O Qa5 15.Bxe4 fxe4
16.Qxe4 Qb6 17.Be5 d5 18.Qg4 Re7 19.Qg5 Rd7 20.Rad1 Qc6 21.Nd4 Qb6 22.cxd5 Nc5
23.dxe6 Nxe6 24.Nxe6 Qxe6 25.Rxd7 Qxd7 26.Rc1 h6 27.Qe3 g5 28.h4 Ra6 29.hxg5 Rc6
30.gxh6 Qf5 31.Rxc6 bxc6 32.Bc3 Be6 33.Qd4 Qb1+ 34.Kg2 Bd5+ 35.f3 Qh7 36.Qf6 Bb3
37.Qd8+ Kf7 38.Qd7+ Kg6 39.Qxc6+ Kf7 40.Qd7+ Kg6 41.Qg7+ Qxg7 42.hxg7 Kf7
43.e4 Bc2 44.g4 Kg8 45.Kf2 Bd3 46.Ke3 Bc4 47.f4 Bb3 48.f5 Bf7 49.Bf6 Bb3
50.e5 Ba2 51.e6 Kh7 52.g5 Bd5 53.e7 Bc6 54.Kd4 Kg8 55.Kc5 Bd7 56.Kd6 Bb5
57.Kc7 Be8 58.Kd8 Kf7 59.g8=Q+ Kxg8 60.Kxe8 Kh7 61.Kd8  1-0

[Event "Technomont IM 2011"]
[Site "Frydek Mistek CZE"]
[Date "2011.04.24"]
[Round "7"]
[White "Rosko,L"]
[Black "Poloch,P"]
[Result "0-1"]
[WhiteElo "2305"]
[BlackElo "2264"]

1.d4 Nf6 2.c4 e6 3.Nf3 Bb4+ 4.Nbd2 O-O 5.Qc2 d5 6.a3 Be7 7.e3 a5 8.Bd3 b6
9.e4 dxe4 10.Nxe4 Nbd7 11.Ne5 Bb7 12.Ng5 g6 13.Nxg6 hxg6 14.Bxg6 Qe8 15.Bh7+ Kg7
16.h4 Rh8 17.Bd3 e5 18.Kf1 exd4 19.Bf4 Nh5 20.Qd2 Nc5 21.Bf5 Nb3 22.Be5+ Bf6
23.Bxf6+ Nxf6 24.Ne6+ fxe6 25.Qg5+ Kf8 26.Re1 Nd2+ 27.Qxd2 Qc6 28.Bh3 Qxc4+
29.Kg1 Re8 30.Qf4 Kf7 31.Kh2 Qc6 32.Rc1 Qe4 33.Rxc7+ Re7 34.Qd6 Ng4+ 35.Kg3 Qe5+
36.Qxe5 Nxe5 37.Rxe7+ Kxe7 38.Re1 Rg8+ 39.Kh2 Ng4+ 40.Kg1 Bd5 41.h5 Nf6 42.Re5 Kd6
43.f4 d3 44.Kf1 Bxg2+  0-1

[Event "ch-BOT"]
[Site "Gaborone BOT"]
[Date "2011.04.25"]
[Round "8"]
[White "Oatlhotse,P"]
[Black "Olebile,Thato"]
[Result "1/2-1/2"]
[WhiteElo "2232"]
[BlackElo "1974"]

1.Nf3 Nf6 2.c4 e6 3.d4 Bb4+ 4.Nbd2 b6 5.e3 Bb7 6.Bd3 Ne4 7.O-O f5 8.a3 Bxd2
9.Nxd2 O-O 10.Qc2 Ng5 11.f4 Nf7 12.e4 Nc6 13.Nf3 fxe4 14.Bxe4 h6 15.d5 exd5
16.Bxd5 Na5 17.Bd2 Bxd5 18.cxd5 Nb7 19.Ne5 Nxe5 20.fxe5 Qh4 21.Bc3 Nc5 22.Qg6 Qe4
23.Qxe4 Nxe4 24.Bd4 Nd2 25.Rxf8+ Rxf8 26.Rd1 Nb3 27.Bc3 a5 28.e6 dxe6 29.dxe6 Nc5
30.e7 Re8 31.Rd8 Kf7 32.Rxe8 Kxe8 33.Bxg7 h5 34.Be5 Ne6 35.Bf6 c5 36.g3 Nc7
37.h3 Nd5 38.Bg5 Nxe7 39.Bxe7 Kxe7 40.Kf2 b5 41.Ke3 Ke6 42.Ke4 a4 43.Kd3 Kd5
44.Kc3 Ke4  1/2-1/2

[Event "Thessaloniki Open A"]
[Site "Thessaloniki GRE"]
[Date "2011.04.27"]
[Round "4.4"]
[White "Pavlidis,Ana"]
[Black "Vafiadis,K"]
[Result "1-0"]
[WhiteElo "2321"]
[BlackElo "2301"]

1.d4 Nf6 2.c4 e6 3.Nf3 Bb4+ 4.Nbd2 b6 5.a3 Bxd2+ 6.Qxd2 Bb7 7.e3 O-O 8.Be2 c5
9.dxc5 bxc5 10.O-O Ne4 11.Qc2 f5 12.Nd2 Nxd2 13.Qxd2 Rf6 14.Qd6 Rg6 15.f3 Nc6
16.Qxc5 d6 17.Qb5 Rb8 18.Qa4 Qh4 19.Rf2 Ba8 20.b4 Ne5 21.Bb2 Nxc4 22.Qxa7 Rc8
23.Bxc4  1-0